| 000 | 00841nam a22002055a 4500 | ||
|---|---|---|---|
| 003 | OSt | ||
| 005 | 20161122110441.0 | ||
| 008 | 161122s1993 ua frb 000 0 ara da d | ||
| 040 |
_aEG-ScBUE _bara _cEG-ScBUE |
||
| 082 | 0 | 4 |
_a344.01 _bإ س م _222 |
| 100 | 1 | _aإسماعيل، محمد أحمد. | |
| 245 | 1 | 0 |
_aتنظيم العمل للأحداث في تشريعات العمل العربية / _cمحمد أحمد إسماعيل. |
| 260 |
_aالقاهرة : _bدار النهضة العربية، _c1993. |
||
| 300 |
_a158 ص. ؛ _c24 سم. |
||
| 650 | 7 |
_aالعمل والعمال _xقوانين وتشريعات _zالبلاد العربية. _2BUEsh |
|
| 650 | 7 |
_aالأحداث _xوضع قانوني، قوانين، إلخ. _zالبلاد العربية. _2BUEsh |
|
| 651 | _2BUEsh | ||
| 653 |
_bLLAAWW _cNovember2016 |
||
| 942 | _2ddc | ||
| 999 |
_c23249 _d23221 |
||